Disney Movie Titles in China - Statistics

General Stats
  • This quiz has been taken 42 times
  • The average score is 10 of 24
Answer Stats
Chinese title Original title % Correct
Little Flying Elephant (Xiao fei xiang) Dumbo
83%
Crazy Animal City (Fengkuang dongwu cheng) Zootopia
83%
The Mysterious Fate of Ice and Snow (Bingxue qiyuan) Frozen
70%
Lightning Dog (Shandian gou) Bolt
63%
A Puppet's Lucky Encounter (Mu'ou qiyu ji) Pinocchio
63%
The Mysterious Fate of the Magic Hair (Mofa qiyuan) Tangled
60%
The Odd One in the Bell Tower (Zhonglou guairen) The Hunchback of Notre Dame
60%
Four-eyes Sky Chicken (Siyan tianji) Chicken Little
53%
The Mysterious Fate of the Fairy Shoe (Xianlü qiyuan) Cinderella
53%
The Mysterious Fate in the Wind (Fengzhong qiyuan) Pocahontas
53%
Superpower 6 Battle Squad (Chaoneng liu zhandui) Big Hero 6
50%
The Legend of the Bear (Xiong de chuanshou) Brother Bear
50%
Kitten Adventure (Mao'er lixian ji) The Aristocats
50%
The Mysterious Fate of the Ocean (Haiyang qiyuan) Moana
47%
Fantasy Song (Huanxiang qu) Fantasia
37%
Little Rescue Heroes (Jiunan xiao yingxiong) The Rescuers
37%
Little Flying Hero (Xiao fei xia) Peter Pan
23%
The Metamorphosed King (Bianshen guowang) The Emperor's New Groove
20%
The Three Knights (San qishi) The Three Caballeros
17%
Starsilver Island (Xingyin dao) Treasure Planet
17%
The Forest Prince (Senlin wangzi) The Jungle Book
13%
The Peerless King of Destruction (Wudi pohuai wang) Wreck-It Ralph
13%
Mickey and the Magic Beans (Miqi yu modou) Fun and Fancy Free
10%
Interplanetary Darling (Xingji baobei) Lilo and Stitch
10%
No matching quizzes found
Score Distribution
Percent of People with Each Score
Percentile by Number Answered
Your Score History
You have not taken this quiz